| 000 | 00763nas a2200253 4500 | ||
|---|---|---|---|
| 001 | BR9505256 | ||
| 003 | BR-BrBNA | ||
| 005 | 20231205094159.0 | ||
| 007 | ta | ||
| 008 | 230509b bl.|||p| |||| 00| 00por d | ||
| 040 |
_aBR-BrBNA _bpor _cBiblioteca Nacional de Agricultura |
||
| 041 | _a(Pt) | ||
| 072 | _aL02 | ||
| 100 | 1 | _aLucci, C. de S. | |
| 100 | 1 | _aFreitas, E.A.N. de | |
| 100 | 1 | _aMelotti, L. | |
| 245 | 1 | _aPastagens de capins napier e fino, mais feno de swanee-bermuda para vacas em lactacao | |
| 650 | _aGado Leiteiro | ||
| 650 | _aCapim Napier | ||
| 650 | _aNutricao Animal | ||
| 773 | 0 |
_tZootecnia (Brazil) _xISSN 0044-5320 _g(Apr-Jun 1973), v. 11(2) p. 93-100 _wBR9505256 |
|
| 909 |
_a202311 _bLúcia _c55 _dLúcia Elande |
||
| 942 |
_2AGRIS _n0 _cANA |
||
| 999 |
_c142601 _d142601 |
||